Normal view
MARC view
- L. Evans
Entry Personal Name
001 - CONTROL NUMBER
- control field: 134418
003 - CONTROL NUMBER IDENTIFIER
- control field: NUST
005 - DATE AND TIME OF LATEST TRANSACTION
- control field: 20260512125354.0
008 - FIXED-LENGTH DATA ELEMENTS
- fixed length control field: 260512|| aca||aabn | a|a d
040 ## - CATALOGING SOURCE
- Original cataloging agency: NUST
- Transcribing agency: NUST
100 ## - HEADING--PERSONAL NAME
- Personal name: L. Evans
670 ## - SOURCE DATA FOUND
- Source citation: Work cat.: (NUST): L. Evans., Locative Social Media: Place in the Digital Age /, 2015.
